000 00421nam a2200157 i 4500
001 bg
100 1 _aKIRK, John.
245 0 _aEncyclopedia of chemical technology :
_bSupplement.
_nVol. 2 /
_cJohn Kirk, Donald F. Othmer.
250 _acompl. rev. edition.
260 _aNew York,
_c1971.
700 1 _aOTHMER, Donald F.
040 _cBPK
041 _apol
942 _cKS
008 s pl f |000 0 pol
999 _c15227
_d15227
856 _uhttp://koha.tu.koszalin.pl/cgi-bin/koha/opac-detail.pl?biblionumber=15227
_yKatalog online BPK